Η διδασκαλία των εκθέσεων εις τα σχολεία της μέσης
Αποθηκεύτηκε σε:
| Κύριος συγγραφέας: | |
|---|---|
| Μορφή: | Βιβλίο |
| Γλώσσα: | Greek |
| Δημοσίευση: |
Αθήναι :
Ζηκάκης,
1935.
|
| Θέματα: | |
| Διαθέσιμο Online: | http://hdl.handle.net/11610/16751 |
| Ετικέτες: |
Προσθήκη ετικέτας
Δεν υπάρχουν, Καταχωρήστε ετικέτα πρώτοι!
|
MARC
| LEADER | 00000cam a2200000 i 4500 | ||
|---|---|---|---|
| 001 | 1/92597 | ||
| 008 | 080828s1935####gr | ||| |||| ||gre|| | ||
| 035 | |l 10099685 | ||
| 040 | |a GR-MY-UA |b gre |e aacr | ||
| 041 | 0 | |a gre | |
| 082 | 7 | |a 489.3071 |2 (22) | |
| 100 | 1 | |a Σουμελίδης, Γεώργιος Δ. | |
| 245 | 1 | 2 | |a Η διδασκαλία των εκθέσεων εις τα σχολεία της μέσης / |c Γεωργίου Σουμελίδου. |
| 260 | |a Αθήναι : |b Ζηκάκης, |c 1935. | ||
| 300 | |a 158 σ. ; |c 22 εκ. | ||
| 500 | |a Υπάρχει ψηφιακό αντίγραφο. | ||
| 500 | |a Υπό του τίτλου: " Οδηγίαι και εφαρμογαί, υποδείγματα λογοτεχνικά, εκλεκταί εκθέσεις μαθητών". | ||
| 501 | |a Με: Η διδασκαλία των νέων ελληνικών: το πρόβλημα της ερμηνείας / Γ. Θέμελη. Αθήναι: Ράνος, 1949. Δεμένα μαζί μετά τη δημοσίευσή τους. | ||
| 650 | 0 | 0 | |a Composition (Language arts) |x Study and teaching (Secondary) |
| 650 | 0 | 0 | |a Written communication |x Study and teaching (Secondary) |
| 740 | 2 | |a Η διδασκαλία των νέων ελληνικών | |
| 740 | 0 | |a Διδασκαλίαι νεοελληνικών λογοτεχνημάτων | |
| 740 | 0 | |a Στοιχειώδη μαθήματα στιχουργικής των νεοελληνικών ποιημάτων | |
| 740 | 0 | |a Ερμηνεία νεοελληνικών λογοτεχνημάτων: για σχολική διδασκαλία κείμενα πεζά και έμμετρα | |
| 852 | |a INST |b RHODES |c AKA |e 20080828 |h 489.3071 ΘΕΜ |p 005400028658 |q 005400028658 |t BK |y 23 | ||
| 856 | |u http://hdl.handle.net/11610/16751 | ||
| 901 | |a BIBL4-2008-2 | ||
| 909 | |a Ρ |b 152829 | ||
| 970 | |a ΧΑΡΙΟΠΟΛΙΤΟΥ |b ΚΩΝΣΤΑΝΤΙΝΑ |z 2008-08-28 | ||